000
00292nam a2200109Ia 4500
008
200302s9999 xx 000 0 und d
100
_a
Denis Murphy
245
_a
A Decent Place to Live Urban Poor in Asia
260
_b
Asiian Coalition for Housing Rights
260
_c
1990
300
_a
130 P.,
999
_c
5619
_d
5619